000 00768cam a2200265 4500
001 24652
003 BD-RjUL
005 20211209001059.0
008 140315r1961 nyu 000 0 eng d
035 _a(BD-RjUL)24721
040 _aDLC
_cDLC
_dDLC
_dBD-RjUL
_beng
041 _aeng
082 0 0 _a327.2
_bGOS 1961
100 1 _aGooch, G. P.
_q(George Peabody),
_d1873-1968.
_974860
245 1 0 _aStudies in diplomacy and statecraft /
_cG. P. Gooch,
260 _aNew York :
_bRussell & Russell,
_c1961
300 _avii, 393 p. ;
_c22 cm.
500 _aEssays.
500 _aReprint of the 1942 ed.
651 0 _aEurope
_xHistory
_y1871-1918.
_937388
700 1 _aSarkissian, A.O
_975864
942 _2ddc
_cBK
999 _c24652
_d24652